| 000 | 00700nam a2200169 i 4500 | ||
|---|---|---|---|
| 001 | 97064 | ||
| 003 | ES-MaACL | ||
| 005 | 20230906182030.0 | ||
| 007 | t| | ||
| 008 | 050706s1964 sp ||||1| spa d | ||
| 245 | 0 | 0 |
_aManual de relaciones públicas _b: treinta y dos casos / _cseleccionados, recogidos y editados Nigel Ellis y Pat Bowman); revisión y prólogo José Sanz y Díaz; traducido por C. G. de seleccionados, recogidos y editados por Nigel Ellis y Pat Bowman; revisión y prólogo José Sanz y Díaz. |
| 260 |
_aBarcelona : _bSagitario, _c1964. |
||
| 300 |
_a349 p. ; _c22 cm. |
||
| 700 | 1 |
_aEllis, Nigel. _947052 |
|
| 700 | 1 |
_aBowman, Pat. _931151 |
|
| 852 |
_aES-MaACL _jC-25606 _bR.54354 |
||
| 999 |
_c97064 _d97064 |
||